Govt. of
Madhya Pradesh

A Study in Conscoiusness (Record no. 13836)

MARC details
000 -LEADER
fixed length control field 003560000a22001570004500
001 - CONTROL NUMBER
control field 001920
003 - CONTROL NUMBER IDENTIFIER
control field MACL
040 ## - CATALOGING SOURCE
Original cataloging agency MACL
090 ## - LOCALLY ASSIGNED LC-TYPE CALL NUMBER (OCLC); LOCAL CALL NUMBER (RLIN)
-- 13913
-- 13912
100 ## - MAIN ENTRY--PERSONAL NAME
Personal name Besant, Annie
245 ## - TITLE STATEMENT
Title A Study in Conscoiusness
Statement of responsibility, etc. Annie Besant
260 ## - PUBLICATION, DISTRIBUTION, ETC. (IMPRINT)
Place of publication, distribution, etc. The Theosophical Publishing House,
Date of publication, distribution, etc. 1999
350 ## - PRICE (NR) (BK AM CF MU VM SE) [OBSOLETE]
Price 125
650 ## - SUBJECT ADDED ENTRY--TOPICAL TERM
Topical term or geographic name as entry element Philosophy
942 ## - ADDED ENTRY ELEMENTS (KOHA)
Call number prefix 126
Koha item type Library Membar
Holdings
Withdrawn status Lost status Source of classification or shelving scheme Damaged status Not for loan Home library Current library Date acquired Cost, normal purchase price Total Checkouts Total Renewals Full call number Barcode Date last seen Date last checked out Uniform Resource Identifier Price effective from Koha item type
          MACL MACL 15/04/2015 125.00 3 2 126 BES CRE014414 02/05/2024 08/01/2020 13715 15/04/2015 Books